LEADER 01301nam2 2200301 i 450 001 VAN00056141 005 20250318114103.84 010 $a27-05-65923-4 100 $a20061116d1981 |0itac50 ba 101 $afre 102 $aFR 105 $a|||| ||||| 200 0 $a2$fJean Dieudonné 210 $aParis$cHermann$d1981 215 $a722 p.$d25 cm 461 1$1001VAN00056137$12001 $aChoix d'oeuvres mathematiques$fJean Dieudonné$1210 $aParis$cHermann$d1981$1215 $a2 volumi$d24 cm$v2 606 $a01A75$xCollected or selected works; reprintings or translations of classics [MSC 2020]$3VANC021493$2MF 700 1$aDieudonné$bJean$3VANV044602$0440723 790 1$aDieudonné, Jean Alexandre$zDieudonné, Jean$3VANV259854 790 1$aDieudonné, J. A.$zDieudonné, Jean$3VANV259855 790 1$aDieudonné, J.$zDieudonné, Jean$3VANV259856 801 $aIT$bSOL$c20260327$gRICA 856 4 $u/sebina/repository/catalogazione/documenti/ID 56141.pdf$zID 56141.pdf 899 $aBIBLIOTECA DEL DIPARTIMENTO DI MATEMATICA E FISICA$1IT-CE0120$2VAN08 912 $aVAN00056141 950 $aBIBLIOTECA DEL DIPARTIMENTO DI MATEMATICA E FISICA$d08PREST 20-XX 1145 $e08 4025 I 20061116 996 $a2$9103804 997 $aUNICAMPANIA